01674nam a2200397 a 4500001001200000003000800012006001900020007001500039008004100054010001700095020002500112020002200137020002700159040002100186035002100207050002400228082001200252245017000264260005000434300002700484490007700511504005100588504005800639533015200697610003000849650002500879650002600904655002900930700001700959700005100976700002001027700002001047710001701067830006601084856012601150ebr10480092CaPaEBRm u cr cn|||||||||110216s2010 njua sb 011 0 eng d z 2011280433 z9789814299398 (hbk.) z9814299391 (hbk.) z9789814299404 (e-book) aCaPaEBRcCaPaEBR a(OCoLC)73843415314aHF1379b.L54 2010eb04a38222200aLight the lamph[electronic resource] :bpapers on world trade and investment in memory of Bijit Bora /cedited by Christopher Findlay, Mari Pangestu, David Parsons. aHackensack, N.J. :bWorld Scientific,cc2010. axxviii, 385 p. :bill.1 aWorld Scientific studies in international economics,x1793-3641 ;vv. 13 aIncludes bibliographical references and index. a"Selected publications of Bijit K. Bora": p. xix-xxi. aElectronic reproduction.bPalo Alto, Calif. :cebrary,d2013.nAvailable via World Wide Web.nAccess may be limited to ebrary affiliated libraries.20aWorld Trade Organization. 0aInternational trade. 0aInvestments, Foreign. 7aElectronic books.2local1 aBora, Bijit.1 aFindlay, Christopher C.q(Christopher Charles)1 aPangestu, Mari.1 aParsons, David.2 aebrary, Inc. 0aWorld Scientific studies in international economics ;vv. 13.40uhttp://site.ebrary.com/lib/rucke/Doc?id=10480092zAn electronic book accessible through the World Wide Web; click to view